| 000 | 00410pam a2200157 a 4500 | ||
|---|---|---|---|
| 020 | _a0697246523 | ||
| 040 | _cDLC | ||
| 082 | 0 | 0 | _a152 MCG 1998 A001 Or. |
| 100 | 1 | _aMagill, Richard A. | |
| 245 | 1 | 0 |
_aMotor learning : _bconcepts and applications / |
| 250 | _a5th ed. | ||
| 260 |
_aBoston, Mass. : _bMcGraw-Hill, _cc1998. |
||
| 300 |
_aix, 326 p. : _bill. ; _c24 cm. |
||
| 650 | 0 | _aMotor learning | |
| 942 | _cEK | ||
| 999 |
_c12867 _d12867 |
||